000 00473nam a2200157 i 4500
001 28627
003 ES-MaACL
005 20230906153912.0
007 t|
008 030117s1896 fr ||||1| fre d
100 1 _aBalicki, Sigismond.
_924938
245 1 2 _aL'etat comme organisatión coercitive de la societé politique /
_cSigismond Balicki.
260 _aParís :
_b[s.n.,
_c1896] (
_fV. Siard et E. Briére)
300 _a182 p. ;
_c23 cm.
852 _aES-MaACL
_jF-11125
999 _c28627
_d28627